Critical decisions in trauma / (Record no. 3848)
[ view plain ]
| 000 -LEADER | |
|---|---|
| fixed length control field | 00909cam a2200277 a 4500 |
| 001 - CONTROL NUMBER | |
| control field | 1389388 |
| 003 - CONTROL NUMBER IDENTIFIER | |
| control field | Ke-BoTe |
| 005 - DATE AND TIME OF LATEST TRANSACTION | |
| control field | 20220610110426.0 |
| 008 - FIXED-LENGTH DATA ELEMENTS--GENERAL INFORMATION | |
| fixed length control field | 821123s1984 moua b 001 0 eng |
| 010 ## - LIBRARY OF CONGRESS CONTROL NUMBER | |
| LC control number | 82022944 |
| 020 ## - INTERNATIONAL STANDARD BOOK NUMBER | |
| International Standard Book Number | 0801634997 |
| 040 ## - CATALOGING SOURCE | |
| Original cataloging agency | DLC |
| Transcribing agency | DLC |
| Modifying agency | DLC |
| 050 10 - LIBRARY OF CONGRESS CALL NUMBER | |
| Classification number | RD93 |
| Item number | .C75 1984 |
| 082 00 - DEWEY DECIMAL CLASSIFICATION NUMBER | |
| Classification number | 617/.1 |
| Edition number | 19 |
| 245 00 - TITLE STATEMENT | |
| Title | Critical decisions in trauma / |
| Statement of responsibility, etc. | Ernest Eugene Moore, Ben Eiseman, Charles W. Van Way III [editors]. |
| 260 ## - PUBLICATION, DISTRIBUTION, ETC. | |
| Place of publication, distribution, etc. | St. Louis : |
| Name of publisher, distributor, etc. | C.V. Mosby Co., |
| Date of publication, distribution, etc. | 1984. |
| 300 ## - PHYSICAL DESCRIPTION | |
| Extent | xx, 692 p. : |
| Other physical details | ill. ; |
| Dimensions | 23 x 29 cm. |
| 504 ## - BIBLIOGRAPHY, ETC. NOTE | |
| Bibliography, etc. note | Includes bibliographies and index. |
| 650 #0 - SUBJECT ADDED ENTRY--TOPICAL TERM | |
| Topical term or geographic name entry element | Traumatology |
| General subdivision | Decision making. |
| 9 (RLIN) | 8089 |
| 650 #0 - SUBJECT ADDED ENTRY--TOPICAL TERM | |
| Topical term or geographic name entry element | Wounds and injuries |
| General subdivision | Treatment. |
| 9 (RLIN) | 6184 |
| 700 1# - ADDED ENTRY--PERSONAL NAME | |
| Personal name | Moore, Ernest Eugene. |
| 9 (RLIN) | 8090 |
| 700 1# - ADDED ENTRY--PERSONAL NAME | |
| Personal name | Eiseman, Ben, |
| Dates associated with a name | 1917- |
| 9 (RLIN) | 8091 |
| 700 1# - ADDED ENTRY--PERSONAL NAME | |
| Personal name | Van Way, Charles W. |
| 9 (RLIN) | 6569 |
| 906 ## - LOCAL DATA ELEMENT F, LDF (RLIN) | |
| a | 7 |
| b | cbc |
| c | orignew |
| d | 1 |
| e | ocip |
| f | 19 |
| g | y-gencatlg |
| 942 ## - ADDED ENTRY ELEMENTS (KOHA) | |
| Source of classification or shelving scheme | Library of Congress Classification |
| Koha item type | Books |
| Suppress in OPAC | No |
| Withdrawn status | Lost status | Source of classification or shelving scheme | Damaged status | Not for loan | Collection code | Home library | Current library | Shelving location | Date acquired | Total Checkouts | Full call number | Barcode | Date last seen | Price effective from | Koha item type |
|---|---|---|---|---|---|---|---|---|---|---|---|---|---|---|---|
| Library of Congress Classification | Non-fiction | SCHOOL OF HEALTH SCIENCES | SCHOOL OF HEALTH SCIENCES | General Stacks | 10.06.2022 | RD93.C75 1984 | 00003375 | 10.06.2022 | 10.06.2022 | Books |
